Statistics for Deutschlandlied (Anthem of Germany) Lyrics Quiz

Click here to take the quiz!

General Stats

  • This quiz has been taken 1,215 times
  • The average score is 22 of 27

Answer Stats

Answers% Correct
und
94%
deutsche
93%
das
92%
Freiheit
92%
Recht
92%
Vaterland
92%
Für
91%
Einigkeit
90%
alle
86%
uns
82%
mit
81%
Brüderlich
80%
Hand
80%
Herz
80%
lasst
78%
streben
77%
Danach
75%
Glückes
74%
Blüh'
72%
im
72%
des
71%
deutsches
70%
dieses
70%
Glanze
70%
Sind
69%
Blühe
67%
Unterpfand
63%

Score Distribution

Percentile by Number Answered

Percent of People with Each Score

Your Score History

You have not taken this quiz